<The> Catholic ethic and the spirit of capitalism

Saved in:
Bibliographic Details
Main Author: Novak, Michael
Format: Book
Language:English
Published: New York The Free Press 1993
Subjects:
Tags: Add Tag
No Tags, Be the first to tag this record!

MARC

LEADER 00000nam a2200000 4500
001 c101223
005 20221123112214.6
020 |a 0-02-923235-X 
041 0 |a eng 
044 |a US 
245 1 0 |a <The> Catholic ethic and the spirit of capitalism  |c Michael Novak 
264 1 |a New York  |b The Free Press  |c 1993 
300 |a 334 s. 
610 2 0 |a etika 
610 2 0 |a náboženstvo 
610 2 0 |a kapitalizmus 
610 2 0 |a morálka 
610 2 0 |a antropológia 
610 2 0 |a Ján Pavol II 
100 1 |a Novak, Michael